<?xml version='1.0' encoding='UTF-8'?>
  <record xmlns="http://www.loc.gov/MARC21/slim">
    <leader>00000cam a22000007i 4500</leader>
    <controlfield tag="001">ocm68857744</controlfield>
    <controlfield tag="003">OCoLC</controlfield>
    <controlfield tag="005">20250427142731.8</controlfield>
    <controlfield tag="008">960129s1624    ne            000 0 dut d</controlfield>
    <datafield tag="040" ind1=" " ind2=" ">
      <subfield code="a">NLGGC</subfield>
      <subfield code="b">dut</subfield>
      <subfield code="e">fobidrtb</subfield>
      <subfield code="c">NLGGC</subfield>
      <subfield code="d">OCLCO</subfield>
      <subfield code="d">OCLCL</subfield>
      <subfield code="d">OCLCQ</subfield>
    </datafield>
    <datafield tag="029" ind1="0" ind2=" ">
      <subfield code="a">NLGGC</subfield>
      <subfield code="b">145301117</subfield>
    </datafield>
    <datafield tag="035" ind1=" " ind2=" ">
      <subfield code="a">(OCoLC)68857744</subfield>
    </datafield>
    <datafield tag="041" ind1="1" ind2=" ">
      <subfield code="a">dut</subfield>
      <subfield code="h">ger</subfield>
    </datafield>
    <datafield tag="100" ind1="1" ind2=" ">
      <subfield code="a">Tanner, Adam,</subfield>
      <subfield code="d">1571-1632.</subfield>
      <subfield code="1">https://id.oclc.org/worldcat/entity/E39PCjtrWTx4fQJmFMcq73WGXm</subfield>
    </datafield>
    <datafield tag="245" ind1="1" ind2="0">
      <subfield code="a">Disputatie van den kinder-doop, ghetoghen wt het colloquium ghehouden tot Regensborch anno 1601 /</subfield>
      <subfield code="c">Waer in Adam Tanner soeckt te bevestighen, dat den kinderdoop ... daer teghen Jacob Heylbronner, ende D. Egidius ... arbeyden om te bewijsen, dat ..</subfield>
    </datafield>
    <datafield tag="260" ind1=" " ind2=" ">
      <subfield code="a">T'Amsterdam :</subfield>
      <subfield code="b">by Jacob Aertsz Calom#woonende by de oude Brugh inde vyerighe Calom#,</subfield>
      <subfield code="c">1624.</subfield>
    </datafield>
    <datafield tag="300" ind1=" " ind2=" ">
      <subfield code="c">in-4.</subfield>
    </datafield>
    <datafield tag="336" ind1=" " ind2=" ">
      <subfield code="a">tekst</subfield>
      <subfield code="b">txt</subfield>
      <subfield code="2">rdacontent/dut</subfield>
    </datafield>
    <datafield tag="337" ind1=" " ind2=" ">
      <subfield code="a">zonder medium</subfield>
      <subfield code="b">n</subfield>
      <subfield code="2">rdamedia/dut</subfield>
    </datafield>
    <datafield tag="338" ind1=" " ind2=" ">
      <subfield code="a">band</subfield>
      <subfield code="b">nc</subfield>
      <subfield code="2">rdacarrier/dut</subfield>
    </datafield>
    <datafield tag="500" ind1=" " ind2=" ">
      <subfield code="a">A-E 4  (E4 blanco).</subfield>
    </datafield>
    <datafield tag="510" ind1="0" ind2=" ">
      <subfield code="a">Hillerbrand 3860</subfield>
    </datafield>
    <datafield tag="530" ind1=" " ind2=" ">
      <subfield code="a">Titel is geselecteerd voor digitalisering voor de Universiteit van Amsterdam in het kader van het Google Books-project.</subfield>
    </datafield>
    <datafield tag="700" ind1="1" ind2=" ">
      <subfield code="a">Heylbronner, Jacob.</subfield>
    </datafield>
    <datafield tag="700" ind1="1" ind2=" ">
      <subfield code="a">Hunnius, Egidius.</subfield>
    </datafield>
    <datafield tag="758" ind1=" " ind2=" ">
      <subfield code="a">Disputatie van den kinder-doop, ghetoghen wt het colloquium ghehouden tot Regensborch anno 1601 (Text)</subfield>
      <subfield code="1">https://id.oclc.org/worldcat/entity/E39PCFV7PmMvCd7VdrRWjYtRDm</subfield>
      <subfield code="4">https://id.oclc.org/worldcat/ontology/hasWork</subfield>
    </datafield>
    <datafield tag="776" ind1="0" ind2=" ">
      <subfield code="t">Disputatie van den kinder-doop, ghetoghen wt het colloquium ghehouden tot Regensborch anno 1601</subfield>
      <subfield code="w">(NL-LeOCL)40437431X</subfield>
    </datafield>
    <datafield tag="776" ind1="0" ind2=" ">
      <subfield code="t">Disputatie van den kinder-doop, ghetoghen wt het colloquium ghehouden tot Regensborch anno 1601</subfield>
      <subfield code="w">(NL-LeOCL)407173455</subfield>
    </datafield>
    <datafield tag="776" ind1="0" ind2=" ">
      <subfield code="t">Disputatie van den kinder-doop, ghetoghen wt het colloquium ghehouden tot Regensborch anno 1601</subfield>
      <subfield code="w">(NL-LeOCL)407173463</subfield>
    </datafield>
    <datafield tag="776" ind1="0" ind2=" ">
      <subfield code="t">Disputatie van den kinder-doop, ghetoghen wt het colloquium ghehouden tot Regensborch anno 1601</subfield>
      <subfield code="w">(NL-LeOCL)407173471</subfield>
    </datafield>
    <datafield tag="936" ind1=" " ind2=" ">
      <subfield code="a">BATCHLOAD</subfield>
    </datafield>
  </record>